000 00262nam a22001217a 4500
008 170706b xxu||||| |||| 00| 0 eng d
041 _aeng
080 _a821.18
100 _a22
101 _agjl
245 _aLETERSIA BOTERORE 2
_cMARASHI, A
942 _2udc
_cBK
999 _c19980
_d19980